01066 a2200193 45000010006000000050017000060080041000230030015000640400040000790800073001192450104001920200022002962640034003183000019003525050362003710410008007331000017007418560114007582120920260407155503.0260407a1998 arg spa dAR-UNSa-BCEJYS aAR-UNSa-BCEJYSbspacAR-UNSa-BCEJYS a658.3xPersonal. Relaciones humanas en la empresa (Recursos Humanos)10aRecursos humanos championsp¿cómo pueden los recursos humanos crear valor y producir resultados? a978-950-641-244-9 1aBuenos Aires :bGranicac1998 a439 p.c22 cm. a1. La futura agenda para la competitividad - 2. La naturaleza cambiante de los recursos humanos: un modelo para múltiples roles - 3. Convertirse en un socio estratégico - 4. Convertirse en un experto en administración - 5. Convertirse en un adalid de los empleados - 6. Convertirse en un agente del cambio - 7. RR.HH. para RR.HH. - 8. Y ahora ¿qué? aspa1 aUlrich, Dave41uhttps://biblioeco.unsa.edu.ar/pmb/images/libros/Recursos Humanos Champions.jpgyImagen de portadaqimage/jpeg